Language Quiz

Random Language Quiz
Score 0/25 Timer 03:00
0 Plays Today
% Correct
beauti
93.6%
enthusi
86.6%
judgm
83.6%
abnor
83.6%
courag
83.1%
myster
81.5%
lovi
80.9%
tomo
80.6%
knowle
80.1%
delibe
78.9%
overcon
77.6%
poten
77.5%
some
76.7%
% Correct
upw
74.2%
quizz
71.1%
n
70.7%
gla
70.3%
ve
69.3%
reass
68.2%
intere
66.4%
frene
63.6%
hou
62.6%
vai
58.7%
zes
57.7%
who
54.9%
Remove Ads.
Support Sporcle.
Get the best of Sporcle when you Go Orange. This ad-free experience offers more features, more stats, and more fun while also helping to support Sporcle. Thank you for becoming a member.

You're not logged in!

Compare scores with friends on all Sporcle quizzes.
OR
Log In

Sporcle TV

Today on Sporcle TV


Watch our educational content, quiz creation guides, and fun videos on Sporcle TV.

Show Comments

Extras

Top Quizzes Today


Score Distribution

Paid Content

Your Account Isn't Verified!

In order to create a playlist on Sporcle, you need to verify the email address you used during registration. Go to your Sporcle Settings to finish the process.

Report this User

Report this user for behavior that violates our Community Guidelines.

Details: